Diccionario de psicología
Guardado en:
| Formato: | Libro |
|---|---|
| Publicado: |
Barcelona :
Planeta
|
| Materias: | |
| Etiquetas: |
Agregar Etiqueta
Sin Etiquetas, Sea el primero en etiquetar este registro!
|
| LEADER | 00530nam a22001695a 4500 | ||
|---|---|---|---|
| 001 | CEM.cems012685 | ||
| 005 | 20070827154045.0 | ||
| 008 | 130507b######################000#0#####d | ||
| 003 | CEMS | ||
| 082 | 0 | 4 | |a 150.3 |
| 245 | 0 | 0 | |a Diccionario de psicología |
| 260 | |a Barcelona : |b Planeta | ||
| 300 | |a 60 p. | ||
| 500 | |a Integra la Gran Enciclopedia de la Psicología : el conocimiento de sí mismo y de los demás | ||
| 653 | |a Diccionarios | ||
| 653 | |a Psicología-diccionario | ||
| 859 | |a CEMS |b BIB. CEMS - 11 de abril |h 150.3 |i D547 |p 24020.07 |t Ej.1 | ||
